000 00378nam a2200133Ia 4500
008 230920s9999||||xx |||||||||||||| ||und||
020 _a9781315641706
100 _aKnight , Andrew J.
245 0 _aScience, Risk, and Policy
260 _bRoutledge
_c2016
650 _aSocial & Economical Changes
856 _uhttps://www.taylorfrancis.com/books/9781315641706
942 _cEB
999 _c292612
_d292612